00529nam a2200181 a 45000010010000000030011000100080041000210350026000620820014000881000016001022450046001182600034001646500012001989420012002109520090002229980020003129990015003320000-8845ELIB.Books110520 1986  a(ELIB.Books)0000-8991 a266 bNea aNeame, Alan aThrough the Gospel with Dom Helder Camera bMaryknoll: Orbis Books c1986 aMission 2ddccBK 00102ddc4070aKBTSbKBTSd2011-05-20l0p7264r2022-01-22 00:00:00w2022-01-22yBK cbate2011-05-20 c8845d8845